000 04355cam a22013694i 4500
003 PE-LiUPU
005 20250813185330.0
008 110411s2010 sp d r 000 0 spa d
020 _a8483636328
020 _a9788483636329
035 _a(Sirsi) i9788483636329
040 _aESUDE
_bspa
_cESUDE
_dPL#
_dI5B
_dPE-LiUPU
_erda
080 _a504.3
082 0 4 _a363.7392
_bA66
_220
100 1 _aAragón Revuelta, Pilar,
_eautor.
245 1 0 _aPrácticas de contaminación atmosférica /
_cPilar Aragón Revuelta, Monica Catalá Icardo, Luis Antonio Tortajada Genaro.
250 _aPrimera edición
264 _aValencia :
_bUniversitat Poltiècnica de València,
_c2010.
300 _a126 páginas :
_bilustraciones. ;
_c24 centímetros.
336 _atext
_2rdacontent
337 _aunmediated
_2rdamedia
338 _avolume
_2rdacarrier
490 _aAcadémico
504 _aBibliografía: página 121.
505 _aDeterminación de la concentración de dióxido de azufre en el aire -- Determinación de las trazas de plomo procendentes de la atmósfera -- Determinación de la concentración de óxidos de nitrógeno en el aire -- Materia sedimentable (I) -- Materia sedimentable (II) -- Determinación de la concentración de "humo normalizado" en el aire -- Determinación de benceno, tulueno y xileno en aire por cromatografía de gases -- Determinacion múltiple de gases contaminantes mediante sensores.
526 _aP202
526 _aP201
526 _aP163
526 _aP162
526 _aP161
526 _aP160
526 _aP148
526 _aP147
526 _aP146
526 _aP145
526 _aP144
526 _aP143
526 _aP142
526 _aP141
526 _aP140
526 _aP139
526 _aP138
526 _aP137
526 _aP136
526 _aP135
526 _aP134
526 _aP133
526 _aP129
526 _aP128
526 _aP127
526 _aP120
526 _aP119
526 _aP118
526 _aP116
526 _aP115
526 _aP114
526 _aP110
526 _aP109
526 _aP108
526 _aP104
526 _aP103
526 _aP102
526 _aP99
526 _aP98
526 _aP97
526 _aP96
526 _aP95
526 _aP93
526 _aP90
526 _aP89
526 _aP88
526 _aP83
526 _aP82
526 _aP62
526 _aP59
526 _aP58
526 _aP57
526 _aP51
526 _aP49
526 _aP48
526 _aP47
526 _aP29
526 _aP24
526 _aP20
526 _aP19
526 _aP17
526 _aP15
526 _aP14
526 _aP12
526 _aP10
526 _aP09
526 _aP08
526 _aP07
526 _aP06
526 _aP05
526 _aP04
526 _aP01
541 _g001-0000891;
541 _g0001-42330;
650 0 4 _aAire
_xContaminación
_xMedición.
650 0 4 _aAire
_xContaminación.
_9445
650 0 4 _aContaminación
_xAspecto del medio ambiente.
650 0 4 _aMedio ambiente
_xEstudios de impacto.
650 0 4 _aQuímica de la atmósfera.
700 1 _aCatalá Icardo, Mónica,
_eautor.
700 1 _aTortajada Genaro, Luis Antonio,
_eautor.
910 _ajck
_bebj
_cebj
_d20160727
910 _adbm
_bksl
_cksl
_d20180111
910 _agavs
_d20180917
942 _2ddc
_cBOOK
949 _a363.7392 A66
_wDEWEY
_c1
_i74232
_lCCODEBUL1
_mBUL
_p20.88
_r0
_sY
_tBOOK
_u2016-7-27
_xINGENIERIA
_PP24
_0COMPRA
_o.STAFF. Colección General
994 _aC0
_bPEPRU
596 _a1
999 _a363.7392 A66
_wDEWEY
_c11572
_i74232
_d11572
_e2017-10-11
_f2021-11-9
_g7
_lCCODEBUL1
_mBUL
_n3
_p20.88
_q1
_r0
_sY
_tBOOK
_u2016-7-27
_xINGENIERIA
_PP24
_0COMPRA
_o.STAFF. Colección General
999 _a363.7392 A66
_wDEWEY
_c2
_i77951
_f2021-11-9
_g4
_lCCODEBUL1
_mBUL
_p21.83
_r0
_sY
_tBOOK
_u2018-1-11
_xINGENIERIA
_PP24
_0COMPRA
_o.STAFF. Colección Ingeniería y Arquitectura
999 _a363.7392 A66
_wDEWEY
_c3
_i77952
_f2021-12-28
_g4
_lCCODEBUL1
_mBUL
_p21.83
_r0
_sY
_tBOOK
_u2018-1-11
_xINGENIERIA
_PP24
_0COMPRA
_o.STAFF. Colección Ingeniería y Arquitectura
980 _81
_gALBERTO SANCHEZ Responsable de Automatización